Image Journeys Audio Visual Media & Cultural Change in India (Record no. 2454)

MARC details
000 -LEADER
fixed length control field 00464nam a22001697a 4500
005 - DATE AND TIME OF LATEST TRANSACTION
control field 20160613094527.0
008 - FIXED-LENGTH DATA ELEMENTS--GENERAL INFORMATION
fixed length control field 160613b xxu||||| |||| 00| 0 eng d
020 ## - INTERNATIONAL STANDARD BOOK NUMBER
ISBN 0-7619-9326-6
041 ## - LANGUAGE CODE
Language code of text/sound track or separate title eng
082 ## - DEWEY DECIMAL CLASSIFICATION NUMBER
Item number 7032
100 ## - MAIN ENTRY--AUTHOR NAME
Personal name Brosius, Christance Butcher, Melissa
245 ## - TITLE STATEMENT
Title Image Journeys Audio Visual Media & Cultural Change in India
260 ## - PUBLICATION, DISTRIBUTION, ETC. (IMPRINT)
Place of publication New Delhi
Name of publisher Saye Publication
Year of publication 1999
300 ## - PHYSICAL DESCRIPTION
Number of Pages 328
650 ## - SUBJECT ADDED ENTRY--TOPICAL TERM
Topical Term Management
942 ## - ADDED ENTRY ELEMENTS (KOHA)
Koha item type Books
Holdings
Lost status Damaged status Home library Current library Shelving location Date acquired Cost, normal purchase price Full call number Accession Number Koha item type
    JRU Library   SHELF-32-H 13/06/2016 350.00 7032 7032 Books
    JRU Library   SHELF-32-H 13/06/2016 350.00 7032 7033 Books